| 000 | 01054nam a22003137a 4500 | ||
|---|---|---|---|
| 001 | 977 | ||
| 005 | 20250723113720.0 | ||
| 020 | _a0439784573 (alk. paper) | ||
| 040 |
_aDLC _cDLC _beng _dDLC |
||
| 050 | 0 | 0 |
_aPZ7.K678323 _bHal 2006 |
| 082 | 0 | 0 |
_a464 _222 |
| 100 | 1 | _aKlein, Abby. | |
| 245 | 1 | 0 |
_aHalloween fraidy cat / _cby Abby Klein ; illustrated by John McKinley. |
| 250 | _aFirst printing, August 2006. | ||
| 260 |
_aNew York : _bScholastic, _c2006. |
||
| 300 |
_a95 pages : _billustrations ; _c20 cm. |
||
| 490 | 1 | _aReady, Freddy! | |
| 505 | _aN | ||
| 520 | _aFreddy is apprehensive about the haunted house that Chloe plans to have at her Halloween party but tries to hide his fear from his classmates. | ||
| 521 |
_a570
_bLexile |
||
| 521 |
_aN
_bRaz-Plus |
||
| 650 | 1 |
_aFear _vFiction. |
|
| 650 | 1 |
_aHaunted houses _vFiction. |
|
| 650 | 1 |
_aHalloween _vFiction. |
|
| 650 | 1 |
_aParties _vFiction. |
|
| 700 | 1 |
_aMcKinley, John, _d1956- _eillustrator. |
|
| 906 |
_a7 _bcbc _corignew _d1 _eecip _f20 _gy-gencatlg |
||
| 942 |
_2ddc _cBK _n0 |
||
| 999 |
_c977 _d977 |
||